000 01313nam a2200337 c 4500
999 _c380432
_d380432
003 BLK
005 20200807113224.0
008 200311b bul|||||r ||||||| ||bul||
040 _aBLK
041 _aBUL
_cBUL
080 _aЖитни растения. Зърнени култури
_b633.1
_z633.1
100 _aШентов, Рад
_eпърви автор
_9425167
139 _aШентов, Рад
245 1 0 _aСорго
_bОсновни агротехн. мероприятия при отглеждането му
_cРад Шентов.
257 _aBGR
260 _aСофия
_bЗемиздат
_c1966
300 _a31 с.
_bс табл.
_c18 см
380 _a63
490 _aБиблиотека Зърнени и тревни фуражни култури
_9422665
500 _aИзд. на М-во на земед. Управл. Селскостоп. пропаганда и внедряване на науч. постижения и челния опит.
650 0 _aЗърнено-житни култури - агротехника
_9287488
852 _aЦб І 8335
_bЦб
856 4 _qpdf
_u
856 4 _qpdf
_u
942 _cKNG
_n0
_s1
944 _aCR
_c2020-08-07
_kНР